Statistics for Countries in World Cup 2014

Click here to take the quiz!

General Stats

  • This quiz has been taken 31 times
  • The average score is 27 of 32

Answer Stats

HintAnswer% Correct
South AmericaArgentina
96%
South America/HostBrazil
96%
EuropeItaly
96%
EuropeEngland
93%
EuropeFrance
93%
EuropeGermany
93%
North AmericaUnited States
93%
EuropePortugal
89%
EuropeSpain
89%
EuropeBelgium
85%
North AmericaCosta Rica
85%
AfricaGhana
85%
North AmericaMexico
85%
EuropeNetherlands
85%
AsiaSouth Korea
85%
South AmericaUruguay
85%
AfricaAlgeria
81%
South AmericaChile
81%
South AmericaColombia
81%
South AmericaEcuador
81%
AsiaJapan
81%
AfricaNigeria
81%
EuropeRussia
81%
EuropeSwitzerland
81%
AfricaCameroon
78%
EuropeCroatia
78%
EuropeGreece
74%
North AmericaHonduras
74%
AsiaIran
74%
AfricaIvory Coast
74%
AsiaAustralia
67%
EuropeBosnia and Herzegovina
59%

Score Distribution

Percentile by Number Answered

Percent of People with Each Score

Your Score History

You have not taken this quiz